№ 1 (35) : Электроника, измерительная техника, радиотехника и связь; Доклады Томского государственного университета систем управления и радиоэлектроники

গ্রন্থ-পঞ্জীর বিবরন
Parent link:Доклады Томского государственного университета систем управления и радиоэлектроники/ Томский государственный университет систем управления и радиоэлектроники. № 1 (35) : Электроника, измерительная техника, радиотехника и связь. Управление, вычислительная техника и информатика.— , 1997-
অন্যান্য লেখক: Шурыгин Ю. А.
ভাষা:রুশ
প্রকাশিত: 2015
বিষয়গুলি:
বিন্যাস: গ্রন্থ
KOHA link:https://koha.lib.tpu.ru/cgi-bin/koha/opac-detail.pl?biblionumber=303568

MARC

LEADER 00000nam2a2200000 4500
001 303568
005 20231102001621.0
035 |a (RuTPU)RU\TPU\book\328791 
035 |a RU\TPU\book\312956 
090 |a 303568 
100 |a 20150903d2015 k y0rusy50 ca 
101 0 |a rus 
102 |a RU 
105 |a a z 001zy 
200 0 |a № 1 (35) : Электроника, измерительная техника, радиотехника и связь  |f гл. ред. Ю. А. Шурыгин 
210 |d 2015 
215 |a 165 с.  |c ил. 
320 |a Библиогр. в конце статей 
461 1 |0 (RuTPU)RU\TPU\book\38503  |t Доклады Томского государственного университета систем управления и радиоэлектроники  |f Томский государственный университет систем управления и радиоэлектроники  |v № 1 (35) : Электроника, измерительная техника, радиотехника и связь. Управление, вычислительная техника и информатика  |d 1997-  
606 1 |a Радиоэлектроника  |2 stltpush  |3 (RuTPU)RU\TPU\subj\69507  |9 84342 
610 1 |a электроника 
610 1 |a измерительная техника 
610 1 |a радиотехника 
610 1 |a связь 
610 1 |a управление 
610 1 |a вычислительная техника 
610 1 |a информатика 
610 1 |a электротехника 
610 1 |a электромагнитные волны 
610 1 |a линзовые антены 
610 1 |a зондовые измерения 
610 1 |a лазерная плазма 
610 1 |a бортовая аппаратура 
610 1 |a векторные изображения 
610 1 |a геоинформационные системы 
610 1 |a веб-ориентированные ГИС 
610 1 |a тестирование 
610 1 |a манипуляторы 
675 |a 621.37/.39  |v 3 
702 1 |a Шурыгин  |b Ю. А.  |4 651 
801 1 |a RU  |b 63413507  |c 20120703 
801 2 |a RU  |b 63413507  |c 20150915  |g RCR 
942 |c BK